000 00328nam a2200109Ia 4500
008 240731s9999 xx 000 0 und d
245 0 _aBulletin de la Société Botanique de France. Actualités Botaniques
260 _bTaylor & Francis
856 _uhttps://www.tandfonline.com/loi/tabg18
942 _2ddc
942 _cTFEJ
999 _c75701
_d75701
945 _a1
_bMadushi Gamage
_c1
_dMadushi Gamage